[Event "Leamington Spa 4NCL op 26th"]
[Site "Leamington Spa"]
[Date "2021.09.12"]
[Round "5"]
[White "Zheng, Harry Z"]
[Black "Nandi, Robin J"]
[Result "1/2-1/2"]
[WhiteElo "1685"]
[BlackElo "1867"]
[PlyCount "65"]
[EventDate "2021.09.10"]
[EventType "swiss"]
[EventRounds "5"]
[EventCountry "ENG"]
[SourceTitle "CBM 204 Extra"]
[Source "ChessBase"]
[SourceDate "2021.11.30"]
[SourceVersion "1"]
[SourceVersionDate "2021.11.30"]
[SourceQuality "1"]

1. e4 e5 2. Nf3 Nc6 3. Bb5 a6 4. Ba4 Nf6 5. d3 Bc5 6. 0-0 d6 7. c3 b5 8. Bb3 Bb6 9. Nbd2 0-0 10. h3 h6 11. a4 Bb7 12. Re1 Re8 13. Nf1 Ne7 14. Ng3 Ng6 15. a5 Ba7 16. c4 c6 17. cxb5 cxb5 18. Bd2 d5 19. Bc3 dxe4 20. dxe4 Qc7 21. Rc1 Rac8 22. Ba2 Bc6 23. Qb3 Qb7 24. Rcd1 Bb8 25. Bb4 Rcd8 26. Rc1 Rd7 27. Qc3 Bxe4 28. Nxe4 Nxe4 29. Qc2 Rc7 30. Bxf7+ Kxf7 31. Qxe4 Qxe4 32. Rxc7+ Bxc7 33. Rxe4 1/2-1/2

[Event "Leamington Spa 4NCL op 26th"]
[Site "Leamington Spa"]
[Date "2021.09.11"]
[Round "3"]
[White "De Coverly, Roger D"]
[Black "Nandi, Robin J"]
[Result "0-1"]
[WhiteElo "1954"]
[BlackElo "1867"]
[PlyCount "136"]
[EventDate "2021.09.10"]
[EventType "swiss"]
[EventRounds "5"]
[EventCountry "ENG"]
[SourceTitle "CBM 204 Extra"]
[Source "ChessBase"]
[SourceDate "2021.11.30"]
[SourceVersion "1"]
[SourceVersionDate "2021.11.30"]
[SourceQuality "1"]

1. e4 e5 2. Nf3 Nc6 3. Bb5 a6 4. Ba4 Nf6 5. 0-0 Be7 6. Re1 b5 7. Bb3 d6 8. c3 0-0 9. d4 Bg4 10. d5 Nb8 11. h3 Bc8 12. Nbd2 Bb7 13. Nf1 Nbd7 14. Ng3 c6 15. dxc6 Bxc6 16. Qe2 Qc7 17. Bd2 Nc5 18. Bc2 Rfe8 19. Rad1 h6 20. b4 Ncd7 21. Bb3 Bf8 22. Bc1 Bb7 23. Bb2 Nb6 24. Nd2 Rac8 25. Nh5 Nxh5 26. Qxh5 d5 27. Qg4 Rcd8 28. exd5 Bxd5 29. Ne4 Re6 30. Bxd5 Rxd5 31. Rxd5 Nxd5 32. Qf3 Re8 33. Ng3 Nb6 34. Qg4 Qc8 35. Qxc8 Nxc8 36. f4 Bd6 37. Ne4 Kf8 38. f5 f6 39. Bc1 Rd8 40. Be3 Ke7 41. Kf2 Kd7 42. Rd1 Kc6 43. Ke2 Ne7 44. g4 Nd5 45. Bd2 Rd7 46. Kf3 Nb6 47. Be1 Na4 48. h4 Be7 49. Rxd7 Kxd7 50. Bd2 Kc6 51. g5 hxg5 52. hxg5 fxg5 53. Kg4 Kd5 54. Nxg5 Bxg5 55. Kxg5 Nb6 56. Be3 Nc4 57. Bc5 Ke4 58. Bf8 Ne3 59. Bxg7 Nxf5 60. Bh8 Ne3 61. Kf6 Nc4 62. Ke6 Kf4 63. Kd5 e4 64. Bd4 e3 65. Kc6 Kf3 66. Bxe3 Kxe3 67. Kb7 Kd3 68. Kxa6 Na3 0-1

[Event "Newcastle Northumbria Masters"]
[Site "Newcastle on Tyne"]
[Date "2021.08.26"]
[Round "1"]
[White "Nandi, Robin J"]
[Black "Bezuidenhout, Roland Reinhold"]
[Result "0-1"]
[WhiteElo "1867"]
[BlackElo "2196"]
[PlyCount "174"]
[EventDate "2021.08.26"]
[EventType "swiss"]
[EventRounds "9"]
[EventCountry "ENG"]
[SourceTitle "CBM 204 Extra"]
[Source "ChessBase"]
[SourceDate "2021.11.30"]
[SourceVersion "1"]
[SourceVersionDate "2021.11.30"]
[SourceQuality "1"]

1. e4 e6 2. d4 d5 3. Nc3 Bb4 4. e5 Qd7 5. Qg4 f5 6. Qg3 b6 7. Bd2 Ba6 8. Nge2 Nc6 9. 0-0-0 0-0-0 10. a3 Bxc3 11. Bxc3 Qf7 12. h4 Nge7 13. h5 Rdg8 14. Nf4 Bxf1 15. Rdxf1 g5 16. hxg6 Nxg6 17. Nh5 Ngxe5 18. Qf4 Nc4 19. Rh2 Rg4 20. Qf3 Nxd4 21. Qd1 e5 22. b3 Nxa3 23. f3 Rg6 24. Bxd4 exd4 25. Qxd4 Rhg8 26. Nf4 Rc6 27. g4 fxg4 28. fxg4 Qf6 29. Rd1 Qxd4 30. Rxd4 Rxg4 31. Kb2 Nb5 32. Rxd5 Rxf4 33. Rxb5 h6 34. Rbh5 Rff6 35. b4 a6 36. c3 Kd7 37. R2h3 Ke7 38. Kb3 Kf7 39. b5 axb5 40. Rxb5 Kg7 41. Rbh5 Rg6 42. Rd5 Rg5 43. Rd7+ Kg6 44. Rd8 Kf5 45. Rh8 Rgg6 46. Rd8 Rcd6 47. Re8 Kg4 48. Ree3 Rg5 49. Reg3+ Kf4 50. Rf3+ Ke4 51. Rf7 Rb5+ 52. Kc2 Rc5 53. Rh7 Rcc6 54. Rf7 Rf6 55. Rh7 Kd5 56. Rd7+ Rfd6 57. Rh7 b5 58. Rh5+ Kc4 59. Rh4+ Kc5 60. Rh5+ Kb6 61. Rh8 Ka6 62. Rb8 Rb6 63. Rh8 Rf6 64. Rh7 Rbc6 65. Rh3 b4 66. Kb3 bxc3 67. Rxc3 Rxc3+ 68. Kxc3 Kb6 69. Kc4 Rf4+ 70. Kc3 Rh4 71. Kb3 c6 72. Rh8 Kc5 73. Kc3 Rh3+ 74. Kc2 Kc4 75. Kb2 Rh2+ 76. Kb1 c5 77. Rc8 h5 78. Rh8 Kc3 79. Rc8 c4 80. Rh8 h4 81. Rh7 h3 82. Rh8 Rh1+ 83. Ka2 Kc2 84. Rh4 c3 85. Rh8 h2 86. Rh7 Kc1 87. Kb3 Kb1 0-1

[Event "Plzen Calliditas op"]
[Site "Plzen"]
[Date "2020.08.26"]
[Round "5"]
[White "Klabenes, Petr"]
[Black "Nandi, Robin J"]
[Result "0-1"]
[WhiteElo "1660"]
[BlackElo "1902"]
[PlyCount "68"]
[EventDate "2020.08.23"]
[EventType "swiss"]
[EventRounds "9"]
[EventCountry "CZE"]
[SourceTitle "CBM 198 Extra"]
[Source "ChessBase"]
[SourceDate "2020.11.30"]
[SourceVersion "1"]
[SourceVersionDate "2020.11.30"]
[SourceQuality "1"]

1. e4 e5 2. f4 exf4 3. Nf3 g5 4. h4 g4 5. Ne5 Nf6 6. Bc4 d5 7. exd5 Nxd5 8. Nc3 Be6 9. d3 c6 10. Ne4 Be7 11. Bxd5 cxd5 12. Nf2 h5 13. Bxf4 Bxh4 14. g3 Bf6 15. Qd2 Nc6 16. d4 Qa5 17. c3 0-0-0 18. Nfd3 h4 19. Bg5 Bxg5 20. Qxg5 hxg3 21. Ke2 Nxe5 22. Qxe5 Qc7 23. Qxh8 Rxh8 24. Rxh8+ Kd7 25. Ne5+ Ke7 26. Rg1 Qb6 27. Nd3 Qd6 28. Rh5 f5 29. Rh6 f4 30. Nc5 f3+ 31. Kf1 Qf4 32. Rxe6+ Kf7 33. Re5 g2+ 34. Rxg2 Qc1+ 0-1

[Event "Hull 4NCL op"]
[Site "Hull"]
[Date "2019.11.02"]
[Round "3"]
[White "Nandi, Robin J"]
[Black "Sheppard, Derek Alan"]
[Result "1-0"]
[WhiteElo "1911"]
[BlackElo "1704"]
[PlyCount "43"]
[EventDate "2019.11.01"]
[EventType "swiss"]
[EventRounds "5"]
[EventCountry "ENG"]
[SourceTitle "CBM 192 Extra"]
[Source "Chessbase"]
[SourceDate "2019.11.06"]
[SourceVersion "1"]
[SourceVersionDate "2019.11.06"]
[SourceQuality "1"]

1. e4 c5 2. Nf3 e6 3. d4 cxd4 4. Nxd4 Nf6 5. Nc3 Bb4 6. e5 Nd5 7. Bd2 Bxc3 8. bxc3 Qc7 9. f4 Nxc3 10. Qf3 Nd5 11. Nb5 Qd8 12. Nd6+ Kf8 13. Qh5 g6 14. Qh6+ Kg8 15. f5 exf5 16. Bc4 Qe7 17. 0-0 Nc6 18. Bxd5 Nxe5 19. Bc3 Qxd6 20. Bxe5 Qf8 21. Qxf8+ Kxf8 22. Bxh8 1-0

[Event "Isle of Man Major op"]
[Site "Isle of Man"]
[Date "2019.10.17"]
[Round "6"]
[White "Day, Thomas W"]
[Black "Nandi, Robin J"]
[Result "1-0"]
[WhiteElo "1991"]
[BlackElo "1930"]
[PlyCount "43"]
[EventDate "2019.10.12"]
[EventType "swiss"]
[EventRounds "7"]
[EventCountry "IOM"]
[SourceTitle "CBM 192 Extra"]
[Source "Chessbase"]
[SourceDate "2019.11.06"]
[SourceVersion "1"]
[SourceVersionDate "2019.11.06"]
[SourceQuality "1"]

1. e4 e5 2. Nf3 Nc6 3. Bc4 Nf6 4. 0-0 Bc5 5. c3 d6 6. d4 Bb6 7. a4 0-0 8. d5 Na5 9. Bd3 c6 10. b4 cxd5 11. bxa5 dxe4 12. Bxe4 Nxe4 13. axb6 Qxb6 14. a5 Qc6 15. Ba3 Bg4 16. Nxe5 Bxd1 17. Nxc6 Bc2 18. Nd4 Bd3 19. Rd1 Ba6 20. f3 Nc5 21. Nd2 Rac8 22. Nf5 1-0

[Event "Isle of Man Major op"]
[Site "Isle of Man"]
[Date "2019.10.15"]
[Round "4"]
[White "Cross, Glenn"]
[Black "Nandi, Robin J"]
[Result "0-1"]
[WhiteElo "1775"]
[BlackElo "1930"]
[PlyCount "66"]
[EventDate "2019.10.12"]
[EventType "swiss"]
[EventRounds "7"]
[EventCountry "IOM"]
[SourceTitle "CBM 192 Extra"]
[Source "Chessbase"]
[SourceDate "2019.11.06"]
[SourceVersion "1"]
[SourceVersionDate "2019.11.06"]
[SourceQuality "1"]

1. d4 Nf6 2. Nf3 d5 3. c4 e6 4. Bg5 Be7 5. e3 0-0 6. Be2 b6 7. 0-0 Bb7 8. Nbd2 Nbd7 9. Rc1 c5 10. a3 dxc4 11. Nxc4 Nd5 12. Bxe7 Qxe7 13. Nfe5 cxd4 14. Nxd7 Qxd7 15. Qxd4 Rfd8 16. Rfd1 Qe7 17. Ne5 Rac8 18. h3 Nc3 19. Rxc3 Rxd4 20. Rxc8+ Bxc8 21. Rxd4 Bb7 22. Rd7 Qg5 23. Rxb7 Qxe5 24. Rxa7 g6 25. b4 h5 26. a4 Qb2 27. Bb5 Qxb4 28. Rb7 Qe1+ 29. Bf1 Qb4 30. Bb5 Qc5 31. Be8 Qc1+ 32. Kh2 Qc8 33. Bxf7+ Kf8 0-1

[Event "Isle of Man Major op"]
[Site "Isle of Man"]
[Date "2019.10.14"]
[Round "3"]
[White "Nandi, Robin J"]
[Black "Miller, George"]
[Result "1/2-1/2"]
[WhiteElo "1930"]
[BlackElo "1844"]
[PlyCount "82"]
[EventDate "2019.10.12"]
[EventType "swiss"]
[EventRounds "7"]
[EventCountry "IOM"]
[SourceTitle "CBM 192 Extra"]
[Source "Chessbase"]
[SourceDate "2019.11.06"]
[SourceVersion "1"]
[SourceVersionDate "2019.11.06"]
[SourceQuality "1"]

1. d4 d5 2. c4 e6 3. Nf3 c5 4. cxd5 exd5 5. Nc3 Nc6 6. g3 Nf6 7. Bg2 Be7 8. 0-0 0-0 9. Bg5 cxd4 10. Nxd4 h6 11. Be3 Re8 12. Rc1 Bf8 13. Nxc6 bxc6 14. Na4 Qa5 15. Bc5 Ba6 16. Bxf8 Bxe2 17. Qd4 Bxf1 18. Bxg7 Bxg2 19. Bxf6 Re4 20. Qd1 Bh3 21. Nc5 Rc4 22. Rxc4 dxc4 23. Ne4 Qd5 24. Qf3 Qd3 25. Qxd3 cxd3 26. Bc3 f5 27. Nc5 Rd8 28. Bd2 Kf7 29. f3 Re8 30. Nxd3 Rd8 31. Ne5+ Ke6 32. Bc3 Rd1+ 33. Kf2 Rh1 34. Nxc6 Rxh2+ 35. Ke3 a6 36. Kf4 Kf7 37. a4 Rh1 38. a5 Ra1 39. Nb4 Rxa5 40. Nc6 Rc5 41. Ne5+ Rxe5 1/2-1/2

[Event "Basingstoke 4NCL Spring Bank 2nd U2050"]
[Site "Basingstoke"]
[Date "2019.05.25"]
[Round "2"]
[White "Nandi, Robin J"]
[Black "Carter, Rebecca"]
[Result "1-0"]
[WhiteElo "1934"]
[BlackElo "1598"]
[PlyCount "67"]
[EventDate "2019.05.24"]
[EventType "swiss"]
[EventRounds "7"]
[EventCountry "ENG"]
[SourceTitle "EXT 2020"]
[Source "ChessBase"]
[SourceDate "2019.10.17"]
[SourceVersion "1"]
[SourceVersionDate "2019.10.17"]
[SourceQuality "1"]

1. e4 e5 2. Nf3 Nf6 3. Nxe5 d6 4. Nf3 Nxe4 5. Nc3 Nxc3 6. dxc3 Be7 7. Be3 Nc6 8. Qd2 Be6 9. 0-0-0 Qd7 10. h3 h6 11. Bb5 a6 12. Ba4 Bf5 13. Nd4 Be4 14. f3 Bd5 15. c4 Bxc4 16. Nxc6 bxc6 17. Qc3 Bb5 18. Qxg7 0-0-0 19. Bb3 d5 20. a4 Qe6 21. Rhe1 Bc4 22. Bd4 Bg5+ 23. Qxg5 hxg5 24. Rxe6 fxe6 25. Bxc4 dxc4 26. Bxh8 Rxh8 27. Rd4 Rh4 28. Rxh4 gxh4 29. Kd2 Kd7 30. Ke3 e5 31. Ke4 Ke6 32. f4 exf4 33. Kxf4 Kd5 34. g3 1-0

[Event "Gibraltar Challengers op-B"]
[Site "Caleta"]
[Date "2019.01.28"]
[Round "3"]
[White "Hassomal Daswani, Birjkumar"]
[Black "Nandi, Robin J"]
[Result "1-0"]
[WhiteElo "2008"]
[BlackElo "1903"]
[PlyCount "85"]
[EventDate "2019.01.26"]
[EventType "swiss"]
[EventRounds "5"]
[EventCountry "GGB"]
[SourceTitle "CBM 188 Extra"]
[Source "ChessBase"]
[SourceDate "2019.02.26"]
[SourceVersion "1"]
[SourceVersionDate "2019.02.26"]
[SourceQuality "1"]

1. e4 e5 2. Nf3 Nc6 3. Bc4 Bc5 4. 0-0 Nf6 5. d3 d6 6. c3 0-0 7. a4 a6 8. Bg5 h6 9. Bh4 Ba7 10. Bb3 Re8 11. Nbd2 Be6 12. Bc2 Qe7 13. Re1 Rad8 14. Nf1 d5 15. exd5 Bxd5 16. Nxe5 Nxe5 17. d4 Nf3+ 18. gxf3 Qxe1 19. Qxe1 Rxe1 20. Rxe1 Bxf3 21. Re7 Nd5 22. Rxf7 Kxf7 23. Bxd8 c5 24. Nd2 Bg4 25. dxc5 Bxc5 26. Be4 Ne3 27. b4 Ba7 28. Bxb7 Nd1 29. Ne4 Bf5 30. Nd6+ Ke6 31. Nxf5 Kxf5 32. c4 Nxf2 33. c5 Nd3 34. Bb6 Bxb6 35. cxb6 Ke5 36. Bxa6 Nxb4 37. Bb5 Kd6 38. Kf2 Nd5 39. a5 Nc3 40. a6 Nd5 41. b7 Kc7 42. Bc6 Nb4 43. a7 1-0

[Event "Gibraltar Challengers op-A"]
[Site "Caleta"]
[Date "2019.01.25"]
[Round "5"]
[White "Spacapan, Simon"]
[Black "Nandi, Robin J"]
[Result "0-1"]
[WhiteElo "2061"]
[BlackElo "1903"]
[PlyCount "110"]
[EventDate "2019.01.21"]
[EventType "swiss"]
[EventRounds "5"]
[EventCountry "GGB"]
[SourceTitle "CBM 188 Extra"]
[Source "ChessBase"]
[SourceDate "2019.02.26"]
[SourceVersion "1"]
[SourceVersionDate "2019.02.26"]
[SourceQuality "1"]

1. e4 e5 2. Nf3 Nc6 3. Bc4 Bc5 4. c3 Nf6 5. b4 Bb6 6. d3 d6 7. a4 a5 8. b5 Ne7 9. 0-0 Ng6 10. Re1 0-0 11. Nbd2 Re8 12. Nf1 h6 13. Ng3 Be6 14. Bxe6 Rxe6 15. d4 d5 16. exd5 Qxd5 17. Be3 Rae8 18. h3 Qc4 19. Nd2 Qxc3 20. Nde4 Nxe4 21. Nxe4 Qc4 22. Rc1 Qb4 23. Rb1 Qc4 24. Rc1 Qd5 25. Nc3 Qd7 26. d5 R6e7 27. Bxb6 cxb6 28. Ne4 Qd8 29. Qb3 Rd7 30. Red1 Nf4 31. Nc3 Qg5 32. g3 Nxh3+ 33. Kf1 Qf5 34. Rd2 e4 35. Nd1 Ng5 36. Ne3 Qh3+ 37. Ke2 Nf3 38. Rdd1 Qh5 39. Kf1 Nd2+ 40. Rxd2 Qh1+ 41. Ke2 Qxc1 42. Rc2 Qh1 43. Qc3 Qf3+ 44. Ke1 Rd6 45. Qc7 Qf6 46. Qxb7 Qa1+ 47. Ke2 Qxa4 48. Rb2 Qd4 49. Rd2 Qb4 50. Nf5 Qxb5+ 51. Ke1 Rd7 52. Qc6 Qxc6 53. dxc6 Rxd2 54. Kxd2 Kf8 55. c7 Rc8 0-1

[Event "Basingstoke 4NCL Spring Bank op-B 1st"]
[Site "Basingstoke"]
[Date "2018.05.28"]
[Round "6"]
[White "Nandi, Robin J"]
[Black "McDonnell, James J"]
[Result "0-1"]
[WhiteElo "1860"]
[BlackElo "1833"]
[PlyCount "88"]
[EventDate "2018.05.25"]
[EventType "swiss"]
[EventRounds "7"]
[EventCountry "ENG"]
[SourceTitle "CBM 184 Extra"]
[Source "ChessBase"]
[SourceDate "2018.06.28"]
[SourceVersion "1"]
[SourceVersionDate "2018.06.28"]
[SourceQuality "1"]

1. e4 c5 2. Nf3 Nc6 3. d4 cxd4 4. Nxd4 Nf6 5. Nc3 d6 6. Bg5 e6 7. Be2 Be7 8. Qd2 0-0 9. 0-0-0 Nxd4 10. Qxd4 Qa5 11. f4 Rd8 12. e5 dxe5 13. Qxe5 Qb6 14. Bb5 Bd7 15. Bxd7 Nxd7 16. Rxd7 Rxd7 17. Bxe7 Rxe7 18. Nd5 Qd8 19. Nxe7+ Qxe7 20. Re1 Rd8 21. Re3 Rd6 22. Rc3 Qd8 23. b3 g6 24. Kb2 h5 25. a4 b6 26. h3 Rd5 27. Qc7 Qf6 28. Ka2 h4 29. Rc4 Rd1 30. Qe5 Qxe5 31. fxe5 Rd2 32. Kb2 Rxg2 33. Rxh4 Rg3 34. b4 Re3 35. c4 Rxe5 36. Rd4 Re2+ 37. Kc3 Re3+ 38. Kc2 Rxh3 39. c5 bxc5 40. bxc5 Kg7 41. c6 Rh8 42. c7 Rc8 43. Rc4 Kf6 44. Kd3 Ke5 0-1

[Event "Doncaster 4NCL op-B 18th"]
[Site "Doncaster"]
[Date "2018.04.14"]
[Round "2.3"]
[White "Bielby, Paul R"]
[Black "Nandi, Robin J"]
[Result "0-1"]
[WhiteElo "1890"]
[BlackElo "1827"]
[PlyCount "96"]
[EventDate "2018.04.13"]
[EventType "swiss"]
[EventRounds "5"]
[EventCountry "ENG"]
[SourceTitle "EXT 2023"]
[Source "ChessBase"]
[SourceDate "2022.10.05"]
[SourceVersion "1"]
[SourceVersionDate "2022.10.05"]
[SourceQuality "1"]

1. e4 e5 2. f4 exf4 3. Bc4 Nf6 4. Nc3 c6 5. e5 d5 6. exf6 dxc4 7. Qe2+ Be6 8. Nh3 Qxf6 9. 0-0 Bc5+ 10. Kh1 0-0 11. Nxf4 Nd7 12. d3 cxd3 13. Nxd3 Qh4 14. Bf4 Bg4 15. Qd2 Rfe8 16. Rae1 h6 17. Ne4 Be7 18. Nd6 Bxd6 19. Bxd6 Nf6 20. Be7 Ne4 21. Rxe4 Rxe7 22. Ne5 Qg5 23. Qd6 Be6 24. Nf3 Qd5 25. Qxd5 cxd5 26. Re2 Rae8 27. Rfe1 Kf8 28. Nd4 Bg4 29. Rxe7 Rxe7 30. Rxe7 Kxe7 31. Kg1 Kd6 32. Kf2 Ke5 33. c3 Ke4 34. Nb5 Kd3 35. Nd6 Kc2 36. Ke3 Kxb2 37. Kd4 a5 38. Kxd5 a4 39. Kc5 Kxc3 40. Nxb7 a3 41. Nd6 Be2 42. Ne4+ Kb2 43. Kb4 Bd3 44. Nc3 f5 45. Nd1+ Kxa2 46. Kc3 Be4 47. g3 Kb1 48. Kb3 Bc2+ 0-1

[Event "Newcastle on Tyne op"]
[Site "Newcastle on Tyne"]
[Date "2018.02.17"]
[Round "7"]
[White "Nandi, Robin J"]
[Black "Spanton, Timothy"]
[Result "1-0"]
[WhiteElo "1815"]
[BlackElo "1901"]
[PlyCount "53"]
[EventDate "2018.02.14"]
[EventType "swiss"]
[EventRounds "9"]
[EventCountry "ENG"]
[SourceTitle "CBM 182 Extra"]
[Source "ChessBase"]
[SourceDate "2018.02.23"]
[SourceVersion "1"]
[SourceVersionDate "2018.02.23"]
[SourceQuality "1"]

1. e4 e5 2. Nf3 Nc6 3. Bb5 Nf6 4. 0-0 Nxe4 5. d4 Nd6 6. Bxc6 dxc6 7. dxe5 Nf5 8. Qxd8+ Kxd8 9. Nc3 Be7 10. h3 Nh4 11. Nxh4 Bxh4 12. Bf4 Bf5 13. Rad1+ Kc8 14. Rd2 Be7 15. g4 Be6 16. Ne4 h5 17. f3 hxg4 18. hxg4 Bb4 19. Rh2 Rxh2 20. Kxh2 Kd7 21. Rd1+ Ke8 22. Kg3 Kf8 23. Bg5 Bd5 24. Rh1 Kg8 25. Nf6+ gxf6 26. Bxf6 Be1+ 27. Kg2 1-0

[Event "Newcastle on Tyne op"]
[Site "Newcastle on Tyne"]
[Date "2018.02.16"]
[Round "5"]
[White "Kane, Robert"]
[Black "Nandi, Robin J"]
[Result "1-0"]
[WhiteElo "1900"]
[BlackElo "1815"]
[PlyCount "53"]
[EventDate "2018.02.14"]
[EventType "swiss"]
[EventRounds "9"]
[EventCountry "ENG"]
[SourceTitle "EXT 2019"]
[Source "ChessBase"]
[SourceDate "2018.10.10"]
[SourceVersion "1"]
[SourceVersionDate "2018.10.10"]
[SourceQuality "1"]

1. d4 Nf6 2. c4 e6 3. Nc3 Bb4 4. e3 c5 5. a3 Bxc3+ 6. bxc3 Nc6 7. d5 Na5 8. Bd3 0-0 9. e4 exd5 10. cxd5 Nxe4 11. Ne2 Re8 12. 0-0 d6 13. Ng3 Nxg3 14. fxg3 Re5 15. c4 b5 16. Bb2 Nxc4 17. Qf3 Rf5 18. Bxf5 Bxf5 19. Qxf5 Nxb2 20. Qxf7+ Kh8 21. Rae1 a5 22. Re7 Qg8 23. Ra7 Rc8 24. Qe7 Nd3 25. Qxd6 c4 26. Raf7 Qxf7 27. Rxf7 1-0

[Event "Newcastle on Tyne op"]
[Site "Newcastle on Tyne"]
[Date "2018.02.15"]
[Round "2"]
[White "Nandi, Robin J"]
[Black "Bukojemski, Adam"]
[Result "1/2-1/2"]
[WhiteElo "1815"]
[BlackElo "2222"]
[PlyCount "68"]
[EventDate "2018.02.14"]
[EventType "swiss"]
[EventRounds "9"]
[EventCountry "ENG"]
[SourceTitle "CBM 182 Extra"]
[Source "ChessBase"]
[SourceDate "2018.02.23"]
[SourceVersion "1"]
[SourceVersionDate "2018.02.23"]
[SourceQuality "1"]

1. e4 c5 2. Nf3 Nc6 3. d4 cxd4 4. Nxd4 Qb6 5. Nb3 Nf6 6. Nc3 e6 7. Be3 Qc7 8. Qd2 a6 9. Bd3 b5 10. f4 d6 11. 0-0-0 Bb7 12. h3 Na5 13. e5 Nxb3+ 14. axb3 Nd5 15. Nxd5 Bxd5 16. Kb1 dxe5 17. fxe5 Be7 18. Bd4 0-0 19. Qe2 Rfd8 20. Rhf1 Bf8 21. Bb6 Qxb6 22. Bxh7+ Kxh7 23. Qh5+ Kg8 24. Qxf7+ Kh8 25. Qh5+ Kg8 26. Qf7+ Kh8 27. Rf4 Qe3 28. Rh4+ Qh6 29. Rdd4 Bc5 30. Rxh6+ gxh6 31. Qf6+ Kh7 32. Qf7+ Kh8 33. Rg4 Rg8 34. Qf6+ Kh7 1/2-1/2

[Event "Newcastle on Tyne op"]
[Site "Newcastle on Tyne"]
[Date "2018.02.15"]
[Round "3"]
[White "Tavoularis, Nicholas"]
[Black "Nandi, Robin J"]
[Result "1-0"]
[WhiteElo "2168"]
[BlackElo "1815"]
[PlyCount "85"]
[EventDate "2018.02.14"]
[EventType "swiss"]
[EventRounds "9"]
[EventCountry "ENG"]
[SourceTitle "CBM 182 Extra"]
[Source "ChessBase"]
[SourceDate "2018.02.23"]
[SourceVersion "1"]
[SourceVersionDate "2018.02.23"]
[SourceQuality "1"]

1. c4 e5 2. g3 Nf6 3. Nc3 Nc6 4. Bg2 Bb4 5. d3 0-0 6. Bd2 Re8 7. e3 d6 8. Nge2 Bf5 9. Qc2 Qd7 10. 0-0 Bh3 11. Nd5 Nxd5 12. cxd5 Bxg2 13. Kxg2 Bxd2 14. Qxd2 Ne7 15. e4 c5 16. dxc6 Nxc6 17. Rac1 Rac8 18. b4 d5 19. b5 Nd4 20. Rxc8 Rxc8 21. Nxd4 exd4 22. Rb1 dxe4 23. dxe4 Rc4 24. Rb3 Qc7 25. Qd3 Qc5 26. b6 a6 27. Qf3 Rc3 28. Qf4 h6 29. Qb8+ Qc8 30. Qxc8+ Rxc8 31. Kf3 Rc2 32. a4 Kf8 33. Rb4 d3 34. Ke3 Re2+ 35. Kxd3 Rxf2 36. Rc4 Rxh2 37. Rc7 Ra2 38. Rxb7 Rxa4 39. Ra7 Rb4 40. b7 g5 41. Ra8+ Kg7 42. b8Q Rxb8 43. Rxb8 1-0

[Event "Harrogate 4NCL op-B 17th"]
[Site "Harrogate"]
[Date "2018.01.21"]
[Round "4"]
[White "Cohen, Gerald M"]
[Black "Nandi, Robin J"]
[Result "1/2-1/2"]
[WhiteElo "1953"]
[BlackElo "1806"]
[PlyCount "94"]
[EventDate "2018.01.19"]
[EventType "swiss"]
[EventRounds "5"]
[EventCountry "ENG"]
[SourceTitle "CBM 182 Extra"]
[Source "ChessBase"]
[SourceDate "2018.02.23"]
[SourceVersion "1"]
[SourceVersionDate "2018.02.23"]
[SourceQuality "1"]

1. d4 Nf6 2. Bf4 d5 3. e3 c5 4. c3 Nc6 5. Nd2 Bf5 6. Qb3 Qb6 7. dxc5 Qxb3 8. axb3 e5 9. Bg5 Bxc5 10. b4 Be7 11. b5 Nb8 12. b6 a6 13. Ra5 Nc6 14. Bxf6 Nxa5 15. Bxg7 Rg8 16. Bxe5 Nc6 17. Bg3 Bd8 18. Nh3 Bxb6 19. Nf4 0-0-0 20. Be2 Ne5 21. 0-0 Bg4 22. Bd1 Nc4 23. Nxc4 dxc4 24. Bc2 h6 25. Be4 Rd2 26. h3 Be6 27. Bh4 Bc7 28. Nxe6 fxe6 29. Rb1 Rg7 30. Kf1 Rgd7 31. Ke1 Be5 32. Kf1 R7d6 33. Be7 Rb6 34. Bb4 a5 35. Ke1 axb4 36. Kxd2 bxc3+ 37. bxc3 Rxb1 38. Bxb1 b5 39. f4 Bf6 40. Bg6 Kc7 41. Be8 Kb6 42. e4 e5 43. f5 Kc5 44. Bf7 b4 45. cxb4+ Kxb4 46. Kc2 c3 47. Bh5 Kc4 1/2-1/2

[Event "Douglas IoM Major op"]
[Site "Douglas"]
[Date "2017.09.28"]
[Round "4"]
[White "Nandi, Robin J"]
[Black "Cross, Glenn"]
[Result "1/2-1/2"]
[WhiteElo "1818"]
[BlackElo "1893"]
[PlyCount "118"]
[EventDate "2017.09.25"]
[EventType "swiss"]
[EventRounds "7"]
[EventCountry "IOM"]
[SourceTitle "CBM 181 Extra"]
[Source "ChessBase"]
[SourceDate "2017.12.12"]
[SourceVersion "1"]
[SourceVersionDate "2017.12.12"]
[SourceQuality "1"]

1. d4 d5 2. c4 e6 3. Nf3 Nf6 4. g3 c5 5. cxd5 Nxd5 6. Bg2 Nc6 7. 0-0 Bd7 8. e4 Nf6 9. d5 Nb4 10. a3 Na6 11. Nc3 Qb6 12. Bf4 Nh5 13. Ne5 Nxf4 14. Nxd7 Qd6 15. Nxf8 Nxg2 16. Nxe6 fxe6 17. Kxg2 0-0 18. dxe6 Qxe6 19. Qd5 Qxd5 20. exd5 Rad8 21. Rad1 Nc7 22. Rfe1 Rf7 23. d6 Ne8 24. Ne4 b6 25. Rd2 Rfd7 26. Red1 h6 27. f4 Kf7 28. f5 Nf6 29. Nf2 Re8 30. Kf3 c4 31. g4 Rc8 32. Rc1 b5 33. h4 Ne8 34. Ne4 Nf6 35. Nc3 a6 36. g5 Ne8 37. Ne4 a5 38. Rd5 b4 39. a4 Rc6 40. Rc5 Rxc5 41. Nxc5 Rxd6 42. Rxc4 Rd2 43. b3 Nd6 44. Rf4 hxg5 45. hxg5 Rd5 46. g6+ Kf6 47. Ne4+ Nxe4 48. Kxe4 Re5+ 49. Kd4 Rxf5 50. Rxf5+ Kxf5 51. Kc5 Kxg6 52. Kb5 Kf5 53. Kxa5 g5 54. Kxb4 g4 55. a5 g3 56. a6 g2 57. a7 g1Q 58. a8Q Qd4+ 59. Kb5 Qd3+ 1/2-1/2

[Event "Douglas IoM Major op"]
[Site "Douglas"]
[Date "2017.09.25"]
[Round "1"]
[White "Nelson, Omowale"]
[Black "Nandi, Robin J"]
[Result "1/2-1/2"]
[WhiteElo "1955"]
[BlackElo "1818"]
[PlyCount "107"]
[EventDate "2017.09.25"]
[EventType "swiss"]
[EventRounds "7"]
[EventCountry "IOM"]
[SourceTitle "CBM 181 Extra"]
[Source "ChessBase"]
[SourceDate "2017.12.12"]
[SourceVersion "1"]
[SourceVersionDate "2017.12.12"]
[SourceQuality "1"]

1. d4 Nf6 2. c4 e6 3. g3 d5 4. Nf3 dxc4 5. Bg2 c5 6. 0-0 Nc6 7. Ne5 Nxe5 8. dxe5 Qxd1 9. Rxd1 Nd7 10. Na3 Be7 11. Nxc4 0-0 12. Be3 Rb8 13. Na5 Nxe5 14. Bf4 f6 15. Nc4 g5 16. Bxe5 fxe5 17. Rd2 b6 18. Bh3 e4 19. Rad1 h5 20. Ne5 Bf6 21. Nc6 Rb7 22. Nd8 Re7 23. e3 Ree8 24. Nc6 Ba6 25. b3 Bd3 26. f3 Bc3 27. Rf2 Rf7 28. fxe4 Bxe4 29. Rxf7 Kxf7 30. Rd7+ Kf6 31. Nxa7 Be5 32. Bf1 h4 33. g4 Re7 34. Rxe7 Kxe7 35. Nb5 Kd7 36. h3 Kc6 37. Kf2 Bg3+ 38. Kg1 Be1 39. Bc4 Bd5 40. Bd3 Kd7 41. Kf1 Bg3 42. e4 Bc6 43. Na3 Kc7 44. Ke2 Bf4 45. Kf3 Bc1 46. Nc4 b5 47. Ne5 Be8 48. Ke2 Kd6 49. Nf3 Bc6 50. Kd1 Bf4 51. Bc2 c4 52. b4 Bd7 53. Ke2 Be8 54. Kd1 1/2-1/2